Kenny / (Record no. 4249)
[ view plain ]
| 000 -CABECERA | |
|---|---|
| campo de control de longitud fija | 00736cam a2200241 a 4500 |
| 001 - NÚMERO DE CONTROL | |
| campo de control | 000004440 |
| 005 - FECHA Y HORA DE LA ÚLTIMA TRANSACCIÓN | |
| campo de control | 20200929151437.0 |
| 008 - DATOS DE LONGITUD FIJA--INFORMACIÓN GENERAL | |
| campo de control de longitud fija | 721206s1953 sp 000 f spa |
| 040 ## - FUENTE DE LA CATALOGACIÓN | |
| Centro catalogador/agencia de origen | DO-SdBNP |
| Lengua de catalogación | spa |
| Centro/agencia transcriptor | BNPHU |
| 041 17 - CÓDIGO DE LENGUA | |
| Código de lengua del texto/banda sonora o título independiente | spa |
| Código de lengua original | eng |
| 082 ## - NÚMERO DE LA CLASIFICACIÓN DECIMAL DEWEY | |
| Número de clasificación | 813.54 |
| Número de documento/Ítem | B868k |
| 100 1# - ENTRADA PRINCIPAL--NOMBRE DE PERSONA | |
| Nombre de persona | Bromfield, Louis, |
| Fechas asociadas al nombre | 1896-1956. |
| 9 (RLIN) | 4947 |
| 240 10 - TÍTULO UNIFORME | |
| Título uniforme | Kenny. |
| Lenguaje de la obra | Español |
| 245 10 - MENCIÓN DE TÍTULO | |
| Título | Kenny / |
| Mención de responsabilidad, etc. | Louis Bromfield ; traducido por M. Virginia M. Abaria. |
| 260 ## - PUBLICACIÓN, DISTRIBUCIÓN, ETC. | |
| Lugar de publicación, distribución, etc. | Barcelona, España : |
| Nombre del editor, distribuidor, etc. | Planeta, |
| Fecha de publicación, distribución, etc. | 1953. |
| 300 ## - DESCRIPCIÓN FÍSICA | |
| Extensión | 244 p. ; |
| Dimensiones | 19 cm. |
| 490 1# - MENCIÓN DE SERIE | |
| Mención de serie | Goliat |
| 534 ## - NOTA SOBRE LA VERSIÓN ORIGINAL | |
| Frase introductoria | Título original: |
| Mención de título del original | Kenny |
| 650 #4 - PUNTO DE ACCESO ADICIONAL DE MATERIA--TÉRMINO DE MATERIA | |
| Término de materia o nombre geográfico como elemento de entrada | Novela estadounidense |
| 9 (RLIN) | 262 |
| 650 #4 - PUNTO DE ACCESO ADICIONAL DE MATERIA--TÉRMINO DE MATERIA | |
| Término de materia o nombre geográfico como elemento de entrada | Literatura estadounidense |
| 9 (RLIN) | 263 |
| 700 1# - PUNTO DE ACCESO ADICIONAL--NOMBRE DE PERSONA | |
| Nombre de persona | M. Abaria, M. Virginia, |
| Término indicativo de función/relación | tr. |
| 9 (RLIN) | 13030 |
| 830 #0 - PUNTO DE ACCESO ADICIONAL DE SERIE-TÍTULO UNIFORME | |
| Título uniforme | Goliat |
| 9 (RLIN) | 4949 |
| Estado de retiro | Estado de pérdida | Restricciones de uso | No para préstamo | Localización permanente | Ubicación/localización actual | Ubicación en estantería | Fecha de adquisición | Número de inventario | Total de préstamos | Signatura topográfica completa | Código de barras | Fecha visto por última vez | Precio válido a partir de | Tipo de ítem Koha | Número de copia |
|---|---|---|---|---|---|---|---|---|---|---|---|---|---|---|---|
| General | General | Depósito | 23.07.2009 | LF1 | 813.54 B868k | 4440-10 | 25.06.2020 | 25.06.2020 | Préstamo en sala | ||||||
| Préstamo restringido | Préstamo restrigido | General | General | Depósito | 23.07.2009 | LF1 | 813.54 B868k | 4440-20 | 25.06.2020 | 25.06.2020 | Préstamo en sala | e. 2 | |||
| General | General | Depósito | 23.07.2009 | LF1 | 813.54 B868k | 4440-30 | 25.06.2020 | 25.06.2020 | Préstamo en sala | e. 3 |
